000 00570nam a2200181 i 4500
001 136763
003 ES-MaACL
005 20230906195223.0
007 t|
008 070214s1916 sp r ||||1| spa d
100 1 _aSainz de los Terreros, Carlos.
_9101587
245 1 0 _aHidrocéfalo gigante /
_cCarlos Sáinz de los Terreros.
260 _aMadrid :
_b[s. n.],
_c1916 (
_fAntonio Marzo)
300 _a9 p., 1 lám. :
_bil. ;
_c27 cm.
500 _aEs tirada aparte de: Los Pogresos de la clinica.
650 4 _aHidrocefalia.
_9159294
852 _aES-MaACL
_j1540-F-13
999 _c136763
_d136763